| 000 | 00652nam a22001577a 4500 | ||
|---|---|---|---|
| 003 | OSt | ||
| 005 | 20151004095847.0 | ||
| 008 | 151004b xxu||||| |||| 00| 0 eng d | ||
| 040 | _cRUA | ||
| 082 | _aAGR SUO 2000 B022 Or.1 | ||
| 100 |
_91978 _aSUON, SOVANN |
||
| 245 | _aThe effect of seeding date in heading time in some medium duration rice varieties, ឥទ្ធិពលនៃកាលបរិច្ឆេទដាំដុះទៅលើពេលវេលាចេញផ្ការបស់ពូជស្រូវកណ្កាលមួយចំនួន | ||
| 260 |
_aPhnom Penh _bRUA _c2000 |
||
| 300 |
_a91p. _bill. _c29cm. |
||
| 942 |
_2ddc _cAGR |
||
| 999 |
_c1869 _d1869 |
||